000 005060000a22001810004500
003 MACL
005 20160803154651.0
008 160803b xxu||||| |||| 00| 0 eng d
040 _aMACL
_cMACL
041 _aEnglish
082 _a954 ARG
100 _aArgov, Daniel
_966108
245 _aModernates and Extremists in The Indian Nationalist Movement
_b1883-1920
_cArgov, Daniel
260 _bAsia Publishing House
_c1967
_aBombay
350 _a25
650 _aHistory
_966109
942 _cBK
_k954/ARG
_2ddc
999 _c35783
_d35783